| 000 | 00581nam a22001937a 4500 | ||
|---|---|---|---|
| 003 | OSt | ||
| 005 | 20251126110057.0 | ||
| 008 | 251126b |||||||| |||| 00| 0 eng d | ||
| 020 | _a0521498597 | ||
| 020 | _a9780521498593 | ||
| 040 |
_aKABLIB _beng _cKABLIB |
||
| 082 |
_223 _a428.2 _bDOF |
||
| 100 |
_aDoff Adran _eauthor _914724 |
||
| 245 |
_aTrainer's Handbook Teach English : _bAtraining course for teachers _c Adrian Doff |
||
| 260 |
_aCambridge : _bCambridge University press, _c1995 |
||
| 300 |
_aix,286p.: _bill.; _c22cm |
||
| 650 |
_aTeaching English _914725 |
||
| 942 |
_2ddc _cBOOK |
||
| 999 |
_c5837 _d5837 |
||